[Event "Titled Tuesday intern op 30th May Early"]
[Site "Chess.com INT"]
[Date "2023.05.30"]
[Round "6"]
[White "Kuznetsov, Mikhail V"]
[Black "Jiganchine, Roman"]
[Result "0-1"]
[WhiteElo "2246"]
[BlackElo "2205"]
[PlyCount "154"]
[EventDate "2023.05.30"]
[EventType "swiss (blitz)"]
[EventRounds "11"]
[EventCountry "USA"]
[SourceTitle "CBM 214 Extra"]
[Source "ChessBase"]
[SourceDate "2023.07.31"]
[SourceVersion "1"]
[SourceVersionDate "2023.07.31"]
[SourceQuality "1"]

1. Nf3 d5 2. g3 Nf6 3. Bg2 Nbd7 4. d4 Nb6 5. 0-0 Bf5 6. Nbd2 e6 7. c4 dxc4 8. Nxc4 Nxc4 9. Qa4+ c6 10. Qxc4 Be4 11. Bg5 Be7 12. Rfd1 0-0 13. e3 Qd5 14. Qxd5 cxd5 15. Rac1 Rfc8 16. Ne5 Bxg2 17. Kxg2 h6 18. Bxf6 Bxf6 19. Nd3 Be7 20. Rxc8+ Rxc8 21. Rc1 Rxc1 22. Nxc1 Kf8 23. Nd3 Bd6 24. f3 Ke7 25. e4 Kd7 26. Kf2 Kc6 27. Ke3 Kb5 28. b3 Kc6 29. a4 h5 30. e5 Be7 31. h4 b5 32. Kd2 bxa4 33. bxa4 Kb6 34. Kc3 Ka5 35. Kb3 g6 36. f4 Kb6 37. Nb2 Ka5 38. Nd1 Bb4 39. Nf2 Be1 40. Nh3 Bxg3 41. Ng5 Bxh4 42. Nxf7 Be7 43. Nh8 g5 44. Ng6 Bd8 45. fxg5 Bxg5 46. Nf8 h4 47. Nxe6 h3 48. Nxg5 h2 49. Nf3 h1Q 50. Nd2 Qd1+ 51. Kc3 Qc1+ 52. Kd3 Kb4 53. e6 Qc3+ 54. Ke2 Qxd4 55. Nf3 Qe4+ 56. Kf2 Qxe6 57. Nd4 Qe4 58. Nc6+ Kc5 59. Nxa7 Kb6 60. Nb5 Qc2+ 61. Ke3 Qxa4 62. Nc3 Qc4 63. Ne2 Qe4+ 64. Kd2 d4 65. Nc1 Qe3+ 66. Kc2 Qc3+ 67. Kb1 d3 68. Na2 Qc2+ 69. Ka1 d2 70. Nc3 Qxc3+ 71. Ka2 Qc2+ 72. Ka3 Qc3+ 73. Ka2 Qb4 74. Ka1 Kc5 75. Ka2 Kc4 76. Ka1 Kc3 77. Ka2 Qb2# 0-1

[Event "Titled Tuesday intern op 30th May Early"]
[Site "Chess.com INT"]
[Date "2023.05.30"]
[Round "7"]
[White "Olenik Campa, Rudi"]
[Black "Jiganchine, Roman"]
[Result "1-0"]
[WhiteElo "2356"]
[BlackElo "2205"]
[PlyCount "111"]
[EventDate "2023.05.30"]
[EventType "swiss (blitz)"]
[EventRounds "11"]
[EventCountry "USA"]
[SourceTitle "CBM 214 Extra"]
[Source "ChessBase"]
[SourceDate "2023.07.31"]
[SourceVersion "1"]
[SourceVersionDate "2023.07.31"]
[SourceQuality "1"]

1. e4 c6 2. d4 d5 3. Nc3 dxe4 4. Nxe4 Nf6 5. Qd3 Nxe4 6. Qxe4 Qd5 7. Bd3 Qxe4+ 8. Bxe4 Nd7 9. Nf3 Nf6 10. Bd3 b6 11. 0-0 Bb7 12. c4 e6 13. Bg5 Be7 14. Rfe1 0-0 15. Rad1 h6 16. Be3 Rfd8 17. Bb1 Rac8 18. Ne5 Nd7 19. Nd3 Bf6 20. Nf4 e5 21. Nh5 Bg5 22. Bxg5 hxg5 23. dxe5 Nxe5 24. b3 f6 25. Bf5 Rb8 26. h3 c5 27. Ng3 Kf7 28. Bc2 g6 29. Be4 Rd4 30. Bxb7 Rxb7 31. Ne2 Rxd1 32. Rxd1 Ke7 33. Nc3 Rd7 34. Nd5+ Ke6 35. Re1 Kf7 36. Re3 Nc6 37. Rf3 Rd6 38. Re3 Ne5 39. Kf1 Rd7 40. a4 Rd6 41. Ke2 Rd7 42. Kd2 Rd6 43. Kc3 Rd7 44. g3 Rd6 45. f4 gxf4 46. gxf4 Nc6 47. h4 Rd7 48. Rh3 Rd6 49. h5 gxh5 50. Rxh5 Kg6 51. Rh8 Kg7 52. Rc8 Nd4 53. Rc7+ Kg6 54. Rxa7 Kf5 55. Re7 Ne6 56. Rb7 1-0

[Event "Titled Tuesday intern op 23rd May Early"]
[Site "Chess.com INT"]
[Date "2023.05.23"]
[Round "9"]
[White "Jiganchine, Roman"]
[Black "Acikel, Mert"]
[Result "1/2-1/2"]
[WhiteElo "2205"]
[BlackElo "2229"]
[PlyCount "160"]
[EventDate "2023.05.23"]
[EventType "swiss (blitz)"]
[EventRounds "11"]
[EventCountry "USA"]
[SourceTitle "CBM 214 Extra"]
[Source "ChessBase"]
[SourceDate "2023.07.31"]
[SourceVersion "1"]
[SourceVersionDate "2023.07.31"]
[SourceQuality "1"]

1. e4 e5 2. Nf3 Nc6 3. Nc3 Nf6 4. Bb5 Bb4 5. 0-0 0-0 6. Bxc6 dxc6 7. d3 Re8 8. Ne2 h6 9. h3 b6 10. Nh2 Bd6 11. f4 exf4 12. Nxf4 Qe7 13. Qf3 c5 14. a4 Bxf4 15. Bxf4 Be6 16. a5 Nd7 17. Bxc7 Rec8 18. Bf4 Nf8 19. Qg3 Kh8 20. Bd2 Ng6 21. Bc3 b5 22. b3 c4 23. bxc4 bxc4 24. d4 Bd7 25. Rae1 Kh7 26. Kh1 f6 27. Nf3 Qa3 28. e5 fxe5 29. Nxe5 Nxe5 30. Rxe5 Rf8 31. Rfe1 Rf7 32. d5 Qd6 33. Qe3 Bf5 34. Qd4 Rc8 35. a6 Qg6 36. Kh2 Bxc2 37. R5e3 Bd3 38. Rg3 Qf6 39. Qxf6 gxf6 40. d6 Rd8 41. Re7 Rd7 42. Rxf7+ Rxf7 43. Re3 Kg6 44. Re7 Rxe7 45. dxe7 Kf7 46. Bb4 Bf5 47. Kg3 Bc8 48. Kf4 Bxa6 49. Ke3 Bb5 50. Kd4 Ke6 51. Kc5 Be8 52. Kd4 a5 53. Ba3 Bb5 54. Kc5 Ba4 55. Kxc4 Kd7 56. Kd4 Bc6 57. g4 Bg2 58. h4 Bh3 59. g5 fxg5 60. hxg5 hxg5 61. Ke5 Ke8 62. Ke4 Bf1 63. Kf3 Bb5 64. Kg4 Kf7 65. Kxg5 Be8 66. Kf4 Bd7 67. Ke5 Be8 68. Kd6 a4 69. Kc5 Ke6 70. Kb6 Kd7 71. Ka5 Bf7 72. Kb4 Be8 73. Kxa4 Bf7 74. Ka5 Be8 75. Kb6 Bf7 76. Bb4 Be8 77. Bc5 Ke6 78. Bb4 Kd7 79. Bc5 Bf7 80. Bb4 Be8 1/2-1/2

[Event "Titled Tuesday intern op 23rd May Early"]
[Site "Chess.com INT"]
[Date "2023.05.23"]
[Round "5"]
[White "Jiganchine, Roman"]
[Black "Heinemann, Josefine"]
[Result "0-1"]
[WhiteElo "2205"]
[BlackElo "2289"]
[PlyCount "66"]
[EventDate "2023.05.23"]
[EventType "swiss (blitz)"]
[EventRounds "11"]
[EventCountry "USA"]
[SourceTitle "CBM 214 Extra"]
[Source "ChessBase"]
[SourceDate "2023.07.31"]
[SourceVersion "1"]
[SourceVersionDate "2023.07.31"]
[SourceQuality "1"]

1. e4 c6 2. d4 d5 3. exd5 cxd5 4. Nf3 Nc6 5. c4 Nf6 6. Nc3 e6 7. cxd5 Nxd5 8. Bd3 Be7 9. 0-0 0-0 10. Re1 Bf6 11. Be4 Nce7 12. Ne5 b6 13. Qf3 Bb7 14. Qh3 g6 15. Bh6 Bg7 16. Bxg7 Kxg7 17. Ng4 h5 18. Ne5 Rb8 19. Rad1 Nxc3 20. bxc3 Bxe4 21. Rxe4 Qd5 22. Ree1 b5 23. Nd3 Rbc8 24. Nf4 Qf5 25. Qg3 Nd5 26. Nxd5 Qxd5 27. Re5 Qxa2 28. d5 Rfd8 29. Qe3 Rxd5 30. Rexd5 exd5 31. Qe5+ Kg8 32. h4 Qc4 33. Rxd5 Qxh4 0-1

[Event "Titled Tuesday intern op 23rd May Early"]
[Site "Chess.com INT"]
[Date "2023.05.23"]
[Round "3"]
[White "Jiganchine, Roman"]
[Black "Lorenzo de la Riva, Lazaro"]
[Result "1-0"]
[WhiteElo "2205"]
[BlackElo "2404"]
[PlyCount "165"]
[EventDate "2023.05.23"]
[EventType "swiss (blitz)"]
[EventRounds "11"]
[EventCountry "USA"]
[SourceTitle "CBM 214 Extra"]
[Source "ChessBase"]
[SourceDate "2023.07.31"]
[SourceVersion "1"]
[SourceVersionDate "2023.07.31"]
[SourceQuality "1"]

1. e4 c6 2. d4 d5 3. exd5 cxd5 4. Nf3 Nc6 5. c4 Nf6 6. Nc3 Bg4 7. cxd5 Nxd5 8. Qb3 Bxf3 9. gxf3 Nb6 10. d5 Ne5 11. Bb5+ Ned7 12. 0-0 g6 13. Bg5 Bg7 14. d6 0-0 15. dxe7 Qc8 16. exf8Q+ Nxf8 17. Ne4 Qh3 18. Rfe1 Ne6 19. f4 Qh5 20. Qg3 Nd4 21. Bf1 Nf3+ 22. Kh1 Nxe1 23. Rxe1 h6 24. Be2 Qxe2 25. Rxe2 hxg5 26. Nxg5 Rd8 27. Qb3 Rd5 28. Kg2 Bf6 29. Ne4 Be7 30. Nc3 Rd7 31. Qb5 Kg7 32. Qxd7 Nxd7 33. Rxe7 Nc5 34. Rc7 Ne6 35. Rxb7 Nxf4+ 36. Kf3 Nd3 37. b3 a5 38. Nd5 Nc1 39. Ne3 Nxa2 40. Rb5 Nc1 41. Nc4 Nd3 42. Ke2 Nf4+ 43. Kf3 Ne6 44. Rxa5 Nd4+ 45. Kg2 Nxb3 46. Ra7 Nc5 47. Ne5 Kh6 48. Nxf7+ Kg7 49. Ne5+ Kf6 50. Nf3 Ne4 51. h3 Nc3 52. Ra5 Ne4 53. Nh2 Nc3 54. Ng4+ Ke6 55. Ra6+ Kf5 56. Ne3+ Kg5 57. Ra5+ Kh6 58. Rc5 Ne4 59. Rc6 Kh5 60. Ng4 Nd2 61. Ne5 g5 62. Nf3 Ne4 63. Re6 Nc5 64. Re5 Nd3 65. Rxg5+ Kh6 66. Rg4 Nc5 67. Rd4 Kg7 68. Rd5 Ne6 69. Re5 Nf4+ 70. Kg3 Ng6 71. Rg5 Kf6 72. Rxg6+ Kxg6 73. Kg4 Kh6 74. Nh4 Kg7 75. Kf5 Kh6 76. Ng2 Kh5 77. f4 Kh6 78. Kf6 Kh7 79. Ke7 Kg8 80. f5 Kg7 81. f6+ Kh7 82. f7 Kg6 83. f8Q 1-0

[Event "Titled Tuesday intern op 23rd May Early"]
[Site "Chess.com INT"]
[Date "2023.05.23"]
[Round "2"]
[White "Jiganchine, Roman"]
[Black "Tanmay, Jain"]
[Result "0-1"]
[WhiteElo "2205"]
[BlackElo "2132"]
[PlyCount "36"]
[EventDate "2023.05.23"]
[EventType "swiss (blitz)"]
[EventRounds "11"]
[EventCountry "USA"]
[SourceTitle "CBM 214 Extra"]
[Source "ChessBase"]
[SourceDate "2023.07.31"]
[SourceVersion "1"]
[SourceVersionDate "2023.07.31"]
[SourceQuality "1"]

1. e4 c5 2. Nf3 d6 3. Bb5+ Bd7 4. Bxd7+ Nxd7 5. 0-0 Ngf6 6. Qe2 g6 7. b3 Bg7 8. Bb2 0-0 9. c3 Rc8 10. d4 cxd4 11. cxd4 e6 12. Na3 d5 13. e5 Ne8 14. Nc2 Nc7 15. Ne3 f6 16. exf6 Nxf6 17. Ng4 Nxg4 18. Qxe6+ Nxe6 0-1